| 000 | 00911nam a2200313 a 4500 | ||
|---|---|---|---|
| 001 | 000115640 | ||
| 003 | CHAP | ||
| 005 | 20220329144543.0 | ||
| 008 | 190618s1990 mx |r| ||||||spa d | ||
| 010 | _a112101 | ||
| 011 | _a113073 | ||
| 020 | _a9682437334 | ||
| 040 | _cCHAP | ||
| 082 | 0 | 4 |
_a151.2 _bM19 1990 |
| 100 | 1 |
_aMagnusson, David. _9136094 |
|
| 245 | 1 | 0 |
_aTeoría de los tests : _bpsicometría diferencial, psicología aplicada, orientación vocacional / _cpor David Magnusson. |
| 250 | _a2 ed. | ||
| 260 |
_aMéxico, D.F. : _bTrillas, _c1990. |
||
| 300 | _a318 p. | ||
| 534 |
_pTít. original : _tTest Theory |
||
| 590 |
_aBATCH-UPD _b05 _c20190618 _lUCH01 _h1023 |
||
| 590 |
_aE5765TAJ _b05 _c20190618 _lUCH01 _h1022 |
||
| 650 | 1 | 4 |
_aPsicometría. _992623 |
| 650 | 1 | 4 |
_aRendimiento escolar. _995908 |
| 650 | 1 | 4 |
_aTest psicológicos. _9112474 |
| 901 | _aBK | ||
| 942 | _cLIBRO | ||
| 942 | _n0 | ||
| 999 |
_c112101 _d112101 |
||